| 000 | 01055nam0a22003131 4500 | ||
|---|---|---|---|
| 001 | v19\rc\1292429 | ||
| 005 | 20250618014630.0 | ||
| 035 | _a(NLR Aleph) 004439795 | ||
| 090 |
_a4386116 _c4386116 |
||
| 100 | _a20060306d1859 |||y0rusy50 ca | ||
| 101 | 0 | _arus | |
| 102 | _aRU | ||
| 105 | _ay z ||||| | ||
| 200 | 1 |
_aНаука жизни, или Как молодому человеку жить на свете _f[Соч.] Ефима Дыммана |
|
| 210 |
_aСанкт-Петербург _cтип. Э. Праца _d1859 |
||
| 215 |
_a[2], 348 с. _d18 |
||
| 517 | 0 | _aКак молодому человеку жить на свете | |
| 700 | 1 |
_7ca _8rus _aДымман _bЕ. А. _f1803-1870 _gЕфим Александрович _9186057 _3RU\NLR\AUTH\770186108 |
|
| 801 | 0 |
_aRU _bNLR _gpsbo |
|
| 801 | 0 |
_aRU _bRuMoRGB _2psbo |
|
| 801 | 1 |
_aRU _bProSoft-M _2rusmarc |
|
| 852 |
_aNLR _j18.112.4.37 |
||
| 852 |
_aNLR _j129/3830 |
||
| 899 |
_aRuMoRGB _jT 71/353 |
||
| 899 | _aБАН | ||
| 899 | _aГПИБ | ||
| 942 | _cBOOK | ||
| 980 | _aNB | ||